| 000 | 00656nam a22002177a 4500 | ||
|---|---|---|---|
| 999 |
_c6473 _d6473 |
||
| 003 | OSt | ||
| 005 | 20200123132133.0 | ||
| 008 | 200123b ||||| |||| 00| 0 eng d | ||
| 020 | _a0333687108 | ||
| 040 | _c040a | ||
| 082 |
_a337.1 _bNAT 2000 |
||
| 245 |
_aNational perspectives on the new regionalism in the north / _cBjorn Hettne, Andras Inotai, Osvaldo Sunkel |
||
| 260 |
_aNew York _bST. Martin's press _c2000 |
||
| 300 |
_axxx, 284p; _c10 cm |
||
| 504 | _aIncludes bibliographical references | ||
| 650 | _2Regionalism | ||
| 700 |
_aHettne,Bjorn _91038 |
||
| 700 |
_aInotai, Andras _96893 |
||
| 700 |
_aSunkel, Osvaldo _91039 |
||
| 942 |
_2ddc _cO_SHELF |
||